NBA Top 10 Scoring Leaders Every Season Since 1980 - Statistics

General Stats
  • This quiz has been taken 464 times
    129 since last reset
  • The average score is 79 of 122
Answer Stats
Hint Answer % Correct
2020, 2021, 2022, 2023, 2024 Luka Doncic
100%
2023, 2024, 2025 Shai Gilgeous-Alexander
99%
2013, 2014, 2015, 2016, 2017, 2018, 2019, 2020 James Harden
98%
2013, 2014, 2015, 2016, 2017, 2019, 2021, 2022, 2024 Stephen Curry
98%
2009, 2010, 2011, 2012, 2013, 2014, 2016, 2018, 2019, 2024, 2025 Kevin Durant
97%
2005, 2006, 2007, 2008, 2009, 2010, 2011, 2012, 2013, 2014, 2015, 2016, 2017, 2018 LeBron James
97%
1985, 1987, 1988, 1989, 1990, 1991, 1992, 1993, 1996, 1997, 1998 Michael Jordan
97%
2018, 2019, 2020, 2021, 2022, 2023, 2024, 2025 Giannis Antetokounmpo
96%
2022, 2024, 2025 Nikola Jokic
96%
2001, 2002, 2003, 2004, 2005, 2006, 2007, 2008, 2009, 2010, 2011, 2012, 2013 Kobe Bryant
94%
2019, 2021, 2022, 2023 Joel Embiid
92%
1988, 1989, 1990, 1991, 1992, 1993, 1994, 1995, 1996, 1997, 1998, 1999, 2000, 2002 Karl Malone
92%
1980, 1981, 1982, 1983, 1985, 1986, 1987 Moses Malone
92%
2012, 2013, 2015, 2016, 2017, 2018, 2020 Russell Westbrook
92%
1993, 1994, 1995, 1996, 1998, 1999, 2000, 2001, 2002, 2003 Shaquille O'Neal
92%
2005, 2006, 2009, 2010, 2011, 2013 Dwyane Wade
91%
1982, 1984, 1985, 1986, 1987, 1988 Larry Bird
91%
1987 Magic Johnson
91%
2025 Anthony Edwards
90%
2017, 2019, 2020 Kawhi Leonard
90%
2021, 2022, 2023, 2024, 2025 Jayson Tatum
89%
1999, 2000, 2002, 2003, 2004 Tim Duncan
89%
1990, 1991, 1992, 1993, 1994, 1995, 1996, 1998 David Robinson
88%
1995 Glenn Robinson
88%
2017 Isaiah Thomas
88%
1997, 1998, 1999, 2000, 2001, 2002, 2003, 2005, 2006, 2007, 2008 Allen Iverson
87%
2015, 2016, 2017, 2018, 2020 Anthony Davis
87%
2004 Baron Davis
87%
2016, 2017, 2018, 2019, 2020, 2021, 2023, 2025 Damian Lillard
87%
2002, 2003, 2004, 2005, 2006, 2008, 2009, 2010, 2011, 2012 Dirk Nowitzki
87%
2007 Joe Johnson
87%
1980, 1981, 1982 Julius Erving
87%
2015 Klay Thompson
87%
2015, 2018, 2021, 2023 Kyrie Irving
87%
2009, 2012 Chris Paul
86%
1981 David Thompson
86%
1986, 1988, 1989, 1990, 1993, 1994, 1995, 1996, 1997 Hakeem Olajuwon
86%
2006, 2007, 2008, 2009, 2010, 2011, 2012, 2013, 2014 Carmelo Anthony
85%
2023 Jaylen Brown
85%
2001, 2002, 2003, 2004, 2005, 2007 Tracy McGrady
85%
2019, 2020, 2022, 2024, 2025 Devin Booker
84%
2016, 2019 Paul George
84%
1994 Scottie Pippen
84%
1999, 2000, 2003, 2004 Kevin Garnett
83%
1990, 1991, 1992, 1993, 1994, 1995, 1996, 1997 Patrick Ewing
83%
2024, 2025 Jalen Brunson
82%
1980, 1981, 1982 Kareem Abdul-Jabbar
82%
2003, 2005, 2006, 2007 Ray Allen
82%
1988, 1989, 1990, 1991, 1992, 1993, 1994, 1995, 1996 Charles Barkley
81%
2022, 2023 Donovan Mitchell
81%
1980, 1981, 1984, 1986 Mike Mitchell
81%
2008, 2009, 2010 Chris Bosh
78%
2012 Deron Williams
78%
1982 Gus Williams
78%
1996 Juwan Howard
78%
2000, 2001, 2002, 2004, 2005, 2007 Vince Carter
77%
2014, 2016, 2017, 2022 DeMar DeRozan
76%
2001, 2002, 2003, 2004, 2006 Paul Pierce
76%
2020, 2022, 2023 Trae Young
76%
1988, 1989, 1992 Clyde Drexler
75%
2011 Derrick Rose
74%
2020, 2021 Bradley Beal
73%
2005, 2008, 2010, 2011 Amar'e Stoudemire
72%
2012, 2014, 2015 Blake Griffin
71%
1990 Reggie Miller
70%
1992 Tim Hardaway
69%
1981, 1982, 1983, 1984, 1985, 1986, 1987, 1988, 1989 Alex English
68%
1997, 1999, 2000 Gary Payton
68%
1996 Alonzo Mourning
66%
1987 Kevin McHale
65%
2014, 2015, 2016, 2017 DeMarcus Cousins
62%
1985, 1986, 1987, 1988, 1989, 1990, 1991, 1993, 1994 Dominique Wilkins
62%
1993 Joe Dumars
62%
1998, 2002 Antoine Walker
61%
1998, 2000, 2001, 2003 Chris Webber
61%
2024 De'Aaron Fox
61%
2019 Kemba Walker
61%
1980, 1981, 1982, 1983, 1984 George Gervin
59%
1999, 2000 Grant Hill
59%
2012, 2014 Kevin Love
59%
1982, 1984, 1985, 1991 Bernard King
57%
1989, 1990, 1991, 1992 Chris Mullin
57%
2012, 2013, 2014, 2015, 2018 LaMarcus Aldridge
57%
2021 Zion Williamson
57%
1980, 1981, 1982, 1984, 1985, 1986 Adrian Dantley
56%
2025 Cade Cunningham
56%
2005, 2006, 2007 Gilbert Arenas
56%
2021 Zach LaVine
54%
1992, 1994, 1995, 1997, 1998 Glen Rice
48%
2004 Peja Stojakovic
48%
1991, 1992, 1994, 1995, 1996, 1997, 1998 Mitch Richmond
45%
1980 Elvin Hayes
39%
2004, 2006, 2007, 2008 Michael Redd
38%
1987, 1988, 1989 Dale Ellis
37%
1997 Latrell Sprewell
37%
2010, 2011 Monta Ellis
37%
2009 Brandon Roy
35%
2013 Brook Lopez
34%
1983, 1984, 1985, 1987, 1988 Mark Aguirre
34%
2008 Richard Jefferson
33%
2000, 2001 Jerry Stackhouse
31%
1989, 1990 Tom Chambers
31%
1995 Jamal Mashburn
29%
1998, 1999 Shareef Abdur-Rahim
28%
1980, 1981, 1982, 1983, 1986 World B. Free
28%
2001 Antawn Jamison
27%
1983, 1984, 1985 Terry Cummings
26%
2008, 2011 Kevin Martin
25%
1999, 2001 Stephon Marbury
25%
2018 Victor Oladipo
24%
2009, 2010 Danny Granger
23%
1983, 1984, 1986, 1987 Kiki Vandeweghe
22%
1991 Michael Adams
22%
1980 Dan Issel
17%
1984, 1985, 1986 Purvis Short
13%
1999 Antonio McDyess
12%
1983 Reggie Theus
9%
1980, 1981 Otis Birdsong
8%
1983 Joe Barry Carroll
6%
1997 Kendall Gill
6%
1983 Kelly Tripucka
5%
1993 Danny Manning
4%
No matching quizzes found
Score Distribution
Percent of People with Each Score
Percentile by Number Answered
Your Score History
You have not taken this quiz since the last reset